| 000 | 00911cam a2200301 a 4500 | ||
|---|---|---|---|
| 999 |
_c7430 _d7430 |
||
| 001 | 7430 | ||
| 003 | BD-JhCC | ||
| 005 | 20180210112027.0 | ||
| 008 | 020607r19981965enk | |||| ||eng|d | ||
| 020 | _a0415177693 | ||
| 035 | _a(UkLCURL)070013458411 | ||
| 035 | _a(BD-JhCC)7430 | ||
| 035 | _a1919616 | ||
| 040 |
_aBD-JhCC _dBD-JhCC |
||
| 041 | _aeng | ||
| 082 | _bHOL 1965 | ||
| 100 | 1 | _aHolmes, Brian. | |
| 245 | 1 | 0 |
_aProblems in education : _ba comparative approach / _cby Brian Holmes. |
| 260 |
_aLondon : _bRoutledge, _c1998, c1965. |
||
| 300 |
_ax,326p ; _c23cm. |
||
| 490 | 1 |
_aThe international library of sociology. _v19 |
|
| 500 | _aOriginally published: London : Routledge and Kegan Paul, 1965. | ||
| 504 | _aIncludes bibliographical references and index. | ||
| 650 | 0 | _aComparative education. | |
| 830 | 0 |
_aInternational library of sociology. _v19. |
|
| 942 |
_2ddc _cBK |
||